[Event "7th CHN-RUS w"]
[Site "Ningbo CHN"]
[Date "2010.08.05"]
[Round "1"]
[White "Wang Yu A"]
[Black "Pogonina,N"]
[Result "1/2-1/2"]
[WhiteElo "2369"]
[BlackElo "2501"]
[EventDate "2010.08.05"]

1. e4 e5 2. Nf3 Nc6 3. d4 exd4 4. Bc4 Nf6 5. O-O Nxe4 6. Re1 d5 7. Bxd5
Qxd5 8. Nc3 Qa5 9. Nxe4 Be6 10. Neg5 O-O-O 11. Nxe6 fxe6 12. Rxe6 Bd6 13.
Bg5 Rde8 14. Qe2 Rxe6 15. Qxe6+ Kb8 16. Re1 a6 17. a3 Rf8 18. Bd2 Qh5 19.
h3 h6 20. b4 Qb5 21. c4 dxc3 22. Bxc3 Nd8 23. Qg6 Rg8 24. Be5 Bxe5 25. Nxe5
Qd5 26. Qg4 Nc6 27. Nxc6+ Qxc6 28. Qd4 g5 29. Re3 Re8 30. Rxe8+ Qxe8 31. g3
Qc6 1/2-1/2

[Event "7th CHN-RUS w"]
[Site "Ningbo CHN"]
[Date "2010.08.05"]
[Round "1"]
[White "Gunina,V"]
[Black "Ding Yixin"]
[Result "1-0"]
[WhiteElo "2462"]
[BlackElo "2385"]
[EventDate "2010.08.05"]

1. d4 Nf6 2. Nf3 e6 3. c4 d5 4. Nc3 Be7 5. Bg5 h6 6. Bh4 O-O 7. e3 b6 8.
Rc1 Bb7 9. cxd5 Nxd5 10. Nxd5 Bxd5 11. Bxe7 Qxe7 12. Bc4 Bb7 13. Qe2 a6 14.
O-O Rc8 15. Ne5 Nd7 16. f4 Nxe5 17. dxe5 b5 18. Bd3 c5 19. Bb1 c4 20. f5
exf5 21. Rxf5 Rc5 22. Rcf1 Rf8 23. Qh5 Rd5 24. h4 Rd2 25. R5f2 Rfd8 26. Bc2
b4 27. Qf5 g6 28. Qf4 c3 29. bxc3 bxc3 30. h5 Rxf2 31. Rxf2 Kg7 32. hxg6
fxg6 33. Qg4 Qg5 34. Qc4 Bd5 35. Qxc3 Kg8 36. Rd2 Be6 37. Bb3 Bxb3 38.
Qxb3+ Kh8 39. Rxd8+ Qxd8 40. Qf7 Qd2 41. Qf4 g5 42. Qd4 Qxa2 43. e6+ Kg8
44. Qd8+ Kh7 45. Qe7+ Kg8 46. Qf7+ Kh8 47. Qf8+ Kh7 48. e7 Qa1+ 49. Qf1 1-0

[Event "7th CHN-RUS w"]
[Site "Ningbo CHN"]
[Date "2010.08.05"]
[Round "1"]
[White "Bodnaruk,A"]
[Black "Tan Zhongyi"]
[Result "1-0"]
[WhiteElo "2397"]
[BlackElo "2461"]
[EventDate "2010.08.05"]

1. e4 d6 2. d4 Nf6 3. Nc3 g6 4. f4 Bg7 5. Nf3 c5 6. Bb5+ Bd7 7. e5 Ng4 8.
Bxd7+ Qxd7 9. d5 dxe5 10. h3 e4 11. hxg4 exf3 12. Qxf3 Na6 13. Bd2 O-O-O
14. O-O-O Nb4 15. Ne4 Qa4 16. Bxb4 Qxb4 17. c3 Qc4 18. b3 Qb5 19. d6 Bf8
20. Ng5 Qe8 21. d7+ Rxd7 22. Rxd7 Qxd7 23. Nxf7 Rg8 24. Rd1 Qe6 25. Nd8 Qb6
26. Qd5 Rh8 27. Nf7 Rg8 28. Qd7+ 1-0

[Event "7th CHN-RUS w"]
[Site "Ningbo CHN"]
[Date "2010.08.05"]
[Round "1"]
[White "Kashlinskaya,A"]
[Black "Huang Qian"]
[Result "1-0"]
[WhiteElo "2352"]
[BlackElo "2447"]
[EventDate "2010.08.05"]

1. d4 Nf6 2. c4 g6 3. Nf3 Bg7 4. g3 d5 5. cxd5 Nxd5 6. Bg2 Nb6 7. O-O Nc6
8. e3 O-O 9. Nc3 Re8 10. d5 Na5 11. Nd4 Bd7 12. e4 c6 13. Re1 cxd5 14. exd5
Rc8 15. Bf4 Nac4 16. b3 Nb2 17. Qd2 N6c4 18. bxc4 Nxc4 19. Qd3 Nb2 20. Qe3
Nc4 21. Qe4 f5 22. Qd3 Nb2 23. Qd2 Nc4 24. Qd1 Nb2 25. Qb3 Bxd4 26. d6+ e6
27. Nd5 Ba4 28. Qb4 Bxf2+ 29. Kh1 Bxe1 30. Rxe1 Nd3 31. Qxa4 Nxe1 32. d7
Kf7 33. Bg5 Qxg5 34. dxc8=Q Rxc8 35. Qd7+ Kf8 36. Qxc8+ Kg7 37. Nf4 Qe7 38.
Qc3+ 1-0

[Event "7th CHN-RUS w"]
[Site "Ningbo CHN"]
[Date "2010.08.06"]
[Round "2"]
[White "Tan Zhongyi"]
[Black "Kosintseva,N"]
[Result "1/2-1/2"]
[WhiteElo "2461"]
[BlackElo "2551"]
[EventDate "2010.08.05"]

1. d4 Nf6 2. c4 e6 3. Nc3 Bb4 4. Qc2 O-O 5. a3 Bxc3+ 6. Qxc3 d6 7. Bg5 Nbd7
8. e3 b6 9. Bd3 c5 10. Ne2 Ba6 11. Qc2 h6 12. Bh4 Rc8 13. Qa4 Nb8 14. Rd1
Qd7 15. Qb3 Qe7 16. O-O d5 17. dxc5 dxc4 18. Bxc4 Bxc4 19. Qxc4 Qxc5 20.
Qxc5 Rxc5 21. Bxf6 gxf6 22. Nc3 1/2-1/2

[Event "7th CHN-RUS w"]
[Site "Ningbo CHN"]
[Date "2010.08.06"]
[Round "2"]
[White "Pogonina,N"]
[Black "Ju Wenjun"]
[Result "1/2-1/2"]
[WhiteElo "2501"]
[BlackElo "2496"]
[EventDate "2010.08.05"]

1. e4 c5 2. Nf3 d6 3. d4 cxd4 4. Nxd4 Nf6 5. Nc3 a6 6. Be2 e5 7. Nb3 Be7 8.
O-O O-O 9. Re1 Be6 10. Bf3 Nbd7 11. a4 Rc8 12. Nd2 Nb8 13. Nf1 Nc6 14. Be3
Nb4 15. a5 d5 16. Bb6 Qd6 17. exd5 Nbxd5 18. Nxd5 Nxd5 19. Bxd5 Bxd5 20.
Ne3 Be6 21. Qxd6 Bxd6 22. Red1 Bc5 23. Bxc5 Rxc5 24. Rd6 Rfc8 25. Rb6 R8c7
26. Rd1 Kf8 27. b4 R5c6 28. Rd8+ Ke7 29. Rb8 Rxb6 30. axb6 Rd7 31. g4 Kd6
32. Rc8 Ke7 33. Rb8 Kd6 34. Rc8 Ke7 35. Rb8 1/2-1/2

[Event "7th CHN-RUS w"]
[Site "Ningbo CHN"]
[Date "2010.08.06"]
[Round "2"]
[White "Huang Qian"]
[Black "Gunina,V"]
[Result "1-0"]
[WhiteElo "2447"]
[BlackElo "2462"]
[EventDate "2010.08.05"]

1. d4 d5 2. c4 c6 3. Nc3 Nf6 4. e3 g6 5. Qc2 Bg7 6. Nf3 O-O 7. Bd3 Be6 8.
c5 b6 9. b4 a5 10. Na4 Nfd7 11. cxb6 axb4 12. b7 Ra7 13. Bd2 Qa5 14. Nb2 c5
15. dxc5 Nxc5 16. Nd4 Bxd4 17. exd4 Nxd3+ 18. Nxd3 Bf5 19. Qb3 Bxd3 20.
Qxd3 Rxb7 21. O-O Qb5 22. Qxb5 Rxb5 23. Rfc1 Na6 24. Rab1 Rfb8 25. Rb3 Ra5
26. Rc2 Ra3 27. Kf1 Rxb3 28. axb3 Rb6 29. Bf4 f6 30. Ke2 Kf7 31. Kd3 h5 32.
h4 Ke6 33. Rc8 Kf5 34. g3 e5 35. dxe5 fxe5 36. Be3 d4 37. Bg5 Rd6 38. f3
Ke6 39. Kc4 Kd7 40. Rd8+ Kc7 41. Re8 Rc6+ 42. Kb5 Kb7 43. Rxe5 Rc3 44. Bd2
Rxf3 45. Re7+ Nc7+ 46. Kxb4 Kc6 47. Kc4 d3 48. Rg7 Rf6 49. Kxd3 Ne6 50. Re7
Nc5+ 51. Kc4 Rf2 52. Bc3 Rf3 53. b4 Nb7 54. b5+ 1-0

[Event "7th CHN-RUS w"]
[Site "Ningbo CHN"]
[Date "2010.08.06"]
[Round "2"]
[White "Ding Yixin"]
[Black "Bodnaruk,A"]
[Result "0-1"]
[WhiteElo "2385"]
[BlackElo "2397"]
[EventDate "2010.08.05"]

1. e4 c5 2. Nf3 d6 3. c3 Nf6 4. h3 g6 5. Bd3 Bg7 6. Bc2 O-O 7. O-O e5 8. d4
Qe7 9. Re1 Nc6 10. d5 Nd8 11. a4 Nh5 12. Na3 Nf4 13. Bxf4 exf4 14. e5 Bxe5
15. Nxe5 dxe5 16. d6 Qd7 17. Rxe5 Ne6 18. Nb5 Qd8 19. Bb3 Qf6 20. Bxe6 Qxe5
21. d7 Bxd7 22. Bxd7 Rad8 23. Qd2 Rfe8 24. Qd6 a6 25. Qxe5 Rxe5 26. Bg4
axb5 27. axb5 c4 28. Ra4 Rxb5 29. Rxc4 Rxb2 30. Rxf4 b5 31. Bf3 Rd3 32. c4
Rb4 33. Be2 Rc3 34. Rd4 bxc4 35. Kh2 Rc2 36. Bf1 Rxf2 37. Rxc4 Rxc4 38.
Bxc4 Kg7 39. Kg3 Rc2 40. Bd5 f5 41. h4 h6 42. Kf3 g5 43. hxg5 hxg5 44. Bb7
Kf6 45. Kg3 Rc3+ 46. Kh2 g4 47. g3 Kg5 48. Bd5 f4 49. gxf4+ Kxf4 50. Be6
Rc2+ 51. Kg1 Kg3 52. Kf1 Rf2+ 53. Ke1 Rf6 54. Bd7 Kh4 55. Bc8 g3 56. Bb7
Kh3 0-1

[Event "7th CHN-RUS w"]
[Site "Ningbo CHN"]
[Date "2010.08.06"]
[Round "2"]
[White "Kashlinskaya,A"]
[Black "Wang Yu A"]
[Result "1/2-1/2"]
[WhiteElo "2352"]
[BlackElo "2369"]
[EventDate "2010.08.05"]

1. d4 d5 2. c4 c6 3. Nc3 Nf6 4. Nf3 dxc4 5. a4 Bf5 6. e3 e6 7. Bxc4 Bb4 8.
O-O Nbd7 9. Qe2 Bg6 10. e4 O-O 11. Bd3 Bh5 12. e5 Nd5 13. Nxd5 cxd5 14. Qe3
Re8 15. Ng5 Bg6 16. Bxg6 fxg6 17. Qh3 Nf8 18. Qb3 Qb6 19. Be3 h6 20. Nh3 g5
21. Qd3 Qa6 22. Qxa6 bxa6 23. f4 gxf4 24. Nxf4 Rec8 25. Rac1 Rab8 26. Rxc8
Rxc8 27. Rc1 Rxc1+ 28. Bxc1 Kf7 29. Kf2 Nd7 30. Nd3 a5 31. g4 Nb8 32. Be3
Nc6 33. Ke2 Be7 34. Bf2 Bb4 35. Nf4 Be7 36. Kd3 Nb4+ 37. Kc3 Nc6 38. h4
Bb4+ 39. Kd3 Be7 40. h5 Nb4+ 41. Kc3 Nc6 42. Nd3 Bb4+ 43. Kb3 Be7 44. Be3
Bf8 45. Kc3 Bb4+ 46. Kc2 Be7 47. Kd2 Bb4+ 48. Ke2 Be7 49. Ne1 Bb4 50. Nf3
Be7 51. Bd2 Bb4 52. Be3 Be7 53. Kd3 Nb4+ 54. Kc3 Nc6 55. Kd3 Nb4+ 56. Kc3
Nc6 1/2-1/2

[Event "7th CHN-RUS w"]
[Site "Ningbo CHN"]
[Date "2010.08.07"]
[Round "3"]
[White "Pogonina,N"]
[Black "Tan Zhongyi"]
[Result "0-1"]
[WhiteElo "2501"]
[BlackElo "2461"]
[EventDate "2010.08.05"]

1. e4 d6 2. d4 Nf6 3. Nc3 g6 4. Be3 c6 5. Qd2 b5 6. Bd3 Nbd7 7. Nf3 Bg7 8.
h3 Qc7 9. O-O O-O 10. Ne2 c5 11. c3 e5 12. Ng3 exd4 13. cxd4 Bb7 14. Rac1
a6 15. Bh6 Rfe8 16. Bxg7 Kxg7 17. Rfe1 Rad8 18. Qf4 Qb6 19. e5 dxe5 20.
dxe5 Ng8 21. Be4 Re7 22. Qg5 Kh8 23. Bxb7 Qxb7 24. Ne4 Qc7 25. Nf6 h6 26.
Qh4 Ndxf6 27. exf6 Rxe1+ 28. Rxe1 Rd5 29. g3 Qd8 30. Ne5 Qxf6 31. Qe4 Rd2
32. Re2 Rxe2 33. Qxe2 Kg7 34. b3 Qe6 35. Qe4 Nf6 36. Qe3 Nd5 37. Qe4 Nc3
38. Qe3 Nd5 39. Qe4 Ne7 40. Qf4 g5 41. Qe3 f6 42. Ng4 Qxe3 43. Nxe3 f5 44.
f4 Kf6 45. Kf2 gxf4 46. gxf4 Ke6 47. Kf3 Nd5 48. Nc2 a5 49. a3 Kd6 50. Kg3
c4 51. Nd4 c3 52. Kf3 b4 53. axb4 Nxb4 54. Nxf5+ Kc5 55. Ke3 h5 56. Ng3
Nd5+ 57. Kd3 Kb4 58. Kc2 Nxf4 59. h4 Ng2 60. Nxh5 Ne1+ 61. Kc1 Kxb3 62. Nf4
a4 63. Ne2 Nd3+ 64. Kb1 c2+ 65. Ka1 c1=Q+ 66. Nxc1+ Nxc1 67. h5 a3 68. h6
a2 69. h7 Ka3 0-1

[Event "7th CHN-RUS w"]
[Site "Ningbo CHN"]
[Date "2010.08.07"]
[Round "3"]
[White "Ju Wenjun"]
[Black "Gunina,V"]
[Result "1-0"]
[WhiteElo "2496"]
[BlackElo "2462"]
[EventDate "2010.08.05"]

1. d4 d5 2. c4 c6 3. Nf3 Nf6 4. Nc3 dxc4 5. a4 Bf5 6. Ne5 Nbd7 7. Nxc4 Nb6
8. Ne5 a5 9. e3 Nbd7 10. Nd3 e6 11. f3 Bxd3 12. Bxd3 Qb6 13. O-O Bb4 14.
Qe2 O-O 15. Rd1 Rfe8 16. Kh1 Rad8 17. f4 Nf8 18. e4 c5 19. dxc5 Bxc5 20.
Bd2 Ng4 21. Be1 Ne3 22. Rd2 Ng6 23. g3 f5 24. Bf2 Ng4 25. Bxc5 Qxc5 26. Bb5
Rxd2 27. Qxd2 Rf8 28. Re1 Nf2+ 29. Kg2 Nxe4 30. Nxe4 fxe4 31. Qe3 Qxe3 32.
Rxe3 Rd8 33. Rxe4 Rd2+ 34. Kh3 Kf7 35. Bc4 Nf8 36. b3 Kf6 37. g4 h6 38. Kg3
g5 39. h3 Rd6 40. h4 gxh4+ 41. Kxh4 Ng6+ 42. Kh5 Kg7 43. g5 hxg5 44. Kxg5
Nf8 45. f5 Nh7+ 46. Kf4 exf5 47. Kxf5 Rf6+ 48. Ke5 Nf8 49. Kd4 Ng6 50. Kc5
Rc6+ 51. Kb5 Kf6 52. Kxa5 Ne5 53. Kb5 Nd7 54. a5 Rd6 55. Re8 Rc6 56. b4 Rd6
57. Rc8 Ne5 58. Rc7 Rd4 59. Bf1 Rf4 60. Bg2 Ke6 61. Bxb7 Kd6 62. Rc3 Nd7
63. a6 Rf5+ 64. Ka4 Nb6+ 65. Kb3 Kd7 66. Rc6 Rf3+ 67. Kb2 Rf2+ 68. Kc1 Rf1+
69. Kd2 Nd5 70. a7 Rf2+ 71. Ke1 1-0

[Event "7th CHN-RUS w"]
[Site "Ningbo CHN"]
[Date "2010.08.07"]
[Round "3"]
[White "Wang Yu A"]
[Black "Bodnaruk,A"]
[Result "1/2-1/2"]
[WhiteElo "2369"]
[BlackElo "2397"]
[EventDate "2010.08.05"]

1. e4 c5 2. Nf3 d6 3. d4 cxd4 4. Nxd4 Nf6 5. Nc3 a6 6. Be3 e5 7. Nb3 Be7 8.
Qd2 O-O 9. O-O-O Ng4 10. g3 Nxe3 11. Qxe3 Nd7 12. Nd5 Bg5 13. f4 Bh6 14.
Kb1 b5 15. Qc3 Bb7 16. fxe5 Nxe5 17. Bh3 Nc4 18. Nd4 Bxd5 19. exd5 Ne3 20.
Rd3 Nxd5 21. Qb3 Ne7 22. Rf1 d5 23. Nf5 Bg5 24. Nxe7+ Qxe7 25. Rxd5 Rad8
26. Rfd1 Rxd5 27. Qxd5 Bf6 28. Bg2 Re8 29. a3 g6 30. Ka2 Kg7 31. Qb3 Qc7
32. Bh3 Re2 33. Rd7 Qc4 34. Qxc4 bxc4 35. Kb1 Kf8 36. Ra7 Rxh2 37. Bc8 h5
38. Bxa6 Be5 39. Bxc4 Rf2 40. a4 Bxg3 41. a5 Rf4 42. b3 Bf2 43. Ra8+ Kg7
44. a6 h4 45. a7 Bxa7 46. Rxa7 h3 47. Kb2 g5 48. Ra1 g4 49. Bd5 g3 50. Kc3
Rf2 51. b4 g2 52. Bxg2 hxg2 53. Rg1 Kf6 54. Kd3 Ke5 55. Ke3 Rxc2 56. Kf3
Rb2 57. Rxg2 Rb3+ 58. Ke2 Rxb4 59. Rg3 Rb2+ 60. Ke1 Kf4 61. Ra3 f5 62. Rc3
Kg4 63. Kf1 Rh2 64. Ra3 Rd2 65. Rb3 f4 66. Ra3 Rh2 67. Kg1 Re2 68. Kf1 Re3
69. Rxe3 fxe3 70. Ke2 Kf4 71. Ke1 Kf3 72. Kf1 e2+ 73. Ke1 Ke3 1/2-1/2

[Event "7th CHN-RUS w"]
[Site "Ningbo CHN"]
[Date "2010.08.08"]
[Round "4"]
[White "Kosintseva,N"]
[Black "Ding Yixin"]
[Result "1-0"]
[WhiteElo "2551"]
[BlackElo "2385"]
[EventDate "2010.08.05"]

1. e4 c5 2. Nf3 d6 3. d4 cxd4 4. Nxd4 Nf6 5. Nc3 a6 6. Bg5 e6 7. f4 Nbd7 8.
Qe2 Qc7 9. g4 b5 10. Bxf6 gxf6 11. O-O-O Bb7 12. f5 Nc5 13. a3 O-O-O 14.
Kb1 Bh6 15. Qf3 Qe7 16. Bg2 Nd7 17. h4 Ne5 18. Qe2 Kb8 19. Bh3 Bc8 20. Na2
Rhe8 21. Rhf1 Bg7 22. Nb4 Qb7 23. Bg2 Qb6 24. Qf2 Kb7 25. Qg3 Ka7 26. g5
fxg5 27. hxg5 h6 28. gxh6 Bxh6 29. Rh1 Bf8 30. Rh7 Rd7 31. Bh3 Rc7 32. Qg8
a5 33. Na2 exf5 34. Bxf5 b4 35. axb4 axb4 36. Qg3 Ba6 37. Qb3 Rb8 38. Qa4
Rc4 39. Nb3 Qb5 40. Qxb5 Rxb5 41. Nac1 Rc7 42. Ne2 Rb8 43. Nf4 Bc4 44. Nd4
b3 45. cxb3 Bxb3 46. Nxb3 Rxb3 47. Ne6 Rcb7 48. Nxf8 Rxb2+ 49. Ka1 Nc4 50.
Rc1 Ne3 51. Bc8 R7b4 52. Rxf7+ Ka8 53. Be6 Nc2+ 54. Rxc2 Rxc2 55. Bd5+ Kb8
56. Ne6 Rc3 57. Ka2 Rb6 58. Nd4 Kc8 59. Ra7 Rc7 60. Ra8+ Kd7 61. Nb3 Ke7
62. Na5 Kd7 63. Nc4 Rb4 64. Ne3 Rb6 65. Ra4 Rb8 66. Nc4 Ke7 67. Ra6 Rd7 68.
Ne3 Kf6 69. Nc4 Ke7 70. Bc6 Rdd8 71. Ra7+ Kf6 72. Bd5 Rb4 73. Rf7+ Kg6 74.
Rf3 Rd7 75. Ra3 Kf6 76. Ra6 Ke7 77. Na5 Kf8 78. Ka3 Rb1 79. Nb3 Ke7 80. Ka2
Rd1 81. Kb2 Rc7 82. Na5 Rc5 83. Nc6+ Kf6 84. Nb4 Ke5 85. Ra7 Rd2+ 86. Kb3
Rd1 87. Ra2 Kf6 88. Rf2+ Ke5 89. Nc6+ Rxc6 90. Bxc6 Rc1 91. Bd5 Kd4 92. Kb2
Rc5 93. Rf6 Rb5+ 94. Kc2 Kc5 95. Kc3 Rb1 96. Rf7 Rc1+ 97. Kd3 Rd1+ 98. Ke3
Re1+ 99. Kf4 Rg1 100. Kf5 Rh1 101. Rc7+ Kd4 102. Rc4+ Kd3 103. Ke6 1-0

[Event "7th CHN-RUS w"]
[Site "Ningbo CHN"]
[Date "2010.08.08"]
[Round "4"]
[White "Huang Qian"]
[Black "Pogonina,N"]
[Result "0-1"]
[WhiteElo "2447"]
[BlackElo "2501"]
[EventDate "2010.08.05"]

1. c4 Nf6 2. Nc3 e5 3. Nf3 Nc6 4. g3 d5 5. cxd5 Nxd5 6. d3 Be7 7. Bg2 Be6
8. O-O O-O 9. Bd2 Qd7 10. Rc1 f6 11. Re1 Rfd8 12. Ne4 Nb6 13. a3 a5 14. Be3
Nd5 15. Bc5 b6 16. Bxe7 Ndxe7 17. Nc3 Rac8 18. Nb5 Bd5 19. Nc3 Bf7 20. Qa4
Be6 21. Nd2 Qe8 22. Nce4 Bd7 23. Qc4+ Kh8 24. Nf3 Nf5 25. e3 Nce7 26. Qc2
Bb5 27. Red1 c5 28. Nc3 Bc6 29. Qb1 Qh5 30. Nd2 Bxg2 31. Kxg2 Qg4 32. h3
Nh4+ 33. Kh2 Qf5 34. Nce4 Nf3+ 35. Kg2 Nxd2 36. Rxd2 Qg6 37. Rc4 f5 38. Nc3
b5 39. Rh4 b4 40. Ne2 Qc6+ 41. Kg1 e4 42. Rd1 Ng6 43. Rh5 exd3 44. Rxd3 Qf3
45. Rxf5 Qxe2 46. Rxc5 Rf8 47. Rxc8 Qxf2+ 48. Kh1 Rxc8 49. Qd1 Rf8 50. e4
Qxb2 51. axb4 Qxb4 52. Rd4 Qb5 53. Kg2 Qb2+ 54. Rd2 Qe5 55. Qa4 Qg5 0-1

[Event "7th CHN-RUS w"]
[Site "Ningbo CHN"]
[Date "2010.08.08"]
[Round "4"]
[White "Gunina,V"]
[Black "Wang Yu A"]
[Result "1-0"]
[WhiteElo "2462"]
[BlackElo "2369"]
[EventDate "2010.08.05"]

1. d4 d5 2. c4 c6 3. Nf3 Nf6 4. Nc3 e6 5. Bg5 h6 6. Bxf6 Qxf6 7. e3 Nd7 8.
Bd3 dxc4 9. Bxc4 g6 10. O-O Bg7 11. Rc1 O-O 12. e4 e5 13. d5 Nb6 14. Bb3
Bg4 15. h3 Bxf3 16. Qxf3 Qxf3 17. gxf3 Rac8 18. dxc6 bxc6 19. Rfd1 Bf6 20.
Na4 Nxa4 21. Bxa4 Bg5 22. Rc5 Rfd8 23. Rxe5 Rxd1+ 24. Bxd1 c5 25. Be2 Bf6
26. Rd5 Bxb2 27. Bc4 Rc7 28. f4 Kg7 29. Kg2 Bd4 30. Kg3 Rb7 31. e5 a5 32.
Rd8 g5 33. f3 Rb4 34. Bd5 Be3 35. f5 Bf4+ 36. Kg2 Bxe5 37. Rd7 Kf8 38. f6
Bxf6 39. Rxf7+ Ke8 40. Rxf6 c4 41. Rxh6 1-0

[Event "7th CHN-RUS w"]
[Site "Ningbo CHN"]
[Date "2010.08.08"]
[Round "4"]
[White "Bodnaruk,A"]
[Black "Ju Wenjun"]
[Result "0-1"]
[WhiteElo "2397"]
[BlackElo "2496"]
[EventDate "2010.08.05"]

1. e4 c5 2. Nf3 e6 3. Nc3 a6 4. g3 b5 5. d4 cxd4 6. Nxd4 Bb7 7. Bg2 Nf6 8.
O-O d6 9. Re1 Qc7 10. Nd5 exd5 11. exd5+ Kd8 12. Bg5 Nbd7 13. c4 h6 14.
Bxf6+ Nxf6 15. cxb5 axb5 16. Rc1 Qb6 17. Nc6+ Bxc6 18. Rxc6 Qb7 19. Qc2 Rc8
20. Rc1 Rxc6 21. dxc6 Qc7 22. Qb3 g5 23. a4 bxa4 24. Qxa4 Nd7 25. Qa8+ Ke7
26. Re1+ Ne5 27. f4 gxf4 28. gxf4 Bg7 29. Qb7 Qxb7 30. cxb7 Rb8 31. fxe5
dxe5 32. Rc1 Kd8 33. b4 f5 34. Bd5 e4 35. Kf2 Be5 36. h3 Ke7 37. Rc8 Kf6
38. Rc6+ Kg5 39. Ke2 Rxb7 40. Rg6+ Kxg6 41. Bxb7 Kg5 42. Ke3 Bc7 43. Ba6
Bb6+ 44. Ke2 f4 45. Bb7 f3+ 46. Kf1 Kf4 47. Bc6 e3 48. Bb5 Kg3 49. Bc4 Kxh3
50. Ke1 Kg3 51. Bb5 h5 52. Bc4 h4 53. b5 h3 0-1

[Event "7th CHN-RUS w"]
[Site "Ningbo CHN"]
[Date "2010.08.08"]
[Round "4"]
[White "Tan Zhongyi"]
[Black "Kashlinskaya,A"]
[Result "1-0"]
[WhiteElo "2461"]
[BlackElo "2352"]
[EventDate "2010.08.05"]

1. d4 Nf6 2. c4 g6 3. Nc3 Bg7 4. Nf3 O-O 5. Bg5 d6 6. e3 Nbd7 7. Be2 c6 8.
O-O h6 9. Bh4 g5 10. Bg3 Nh5 11. Bd3 Nxg3 12. hxg3 e6 13. Qc2 f5 14. Rfe1
Qe7 15. Rad1 Qf7 16. e4 f4 17. e5 dxe5 18. Nxe5 Nxe5 19. dxe5 b6 20. Qe2
fxg3 21. fxg3 Bb7 22. Qe4 Qf5 23. Qxf5 exf5 24. g4 Rae8 25. e6 fxg4 26. Bg6
Re7 27. Rd7 Rxd7 28. exd7 c5 29. Re8 Bf6 30. Be4 Ba6 31. Bd5+ Kg7 32. Ne4
Bd8 33. Nd6 Bc7 34. b3 g3 35. Nf7 Bb7 36. Ne5 Bxd5 37. cxd5 b5 38. Rxf8
Kxf8 39. Nc6 c4 40. bxc4 bxc4 41. Kf1 h5 42. d6 Bb6 43. d8=Q+ Bxd8 44. Nxd8
Ke8 45. Ne6 Kd7 46. Nxg5 Kxd6 47. Ke2 Ke5 48. Ke3 Kf5 49. Nh3 Ke5 50. Nf4
c3 51. Nxh5 1-0

[Event "7th CHN-RUS w"]
[Site "Ningbo CHN"]
[Date "2010.08.09"]
[Round "5"]
[White "Wang Yu A"]
[Black "Kosintseva,N"]
[Result "1/2-1/2"]
[WhiteElo "2369"]
[BlackElo "2551"]
[EventDate "2010.08.05"]

1. e4 c5 2. Nf3 d6 3. d4 cxd4 4. Qxd4 Nc6 5. Bb5 Bd7 6. Bxc6 Bxc6 7. c4 Nf6
8. Nc3 g6 9. O-O Bg7 10. Qd3 O-O 11. Nd4 Rc8 12. b3 Nd7 13. Be3 Nc5 14. Qc2
Bd7 15. Rfd1 f5 16. f3 Qe8 17. Rac1 Qf7 18. Qd2 f4 19. Bf2 g5 20. Ndb5 Rcd8
21. b4 Na6 22. Nd5 g4 23. Bh4 Rde8 24. fxg4 Bxg4 25. Rf1 Be5 26. Bg5 f3 27.
Bxe7 f2+ 28. Rxf2 Qxf2+ 29. Qxf2 Rxf2 30. Kxf2 Nxb4 31. Nbc7 Nxd5 32. Nxd5
Kf7 33. h3 Bh5 34. Bg5 Bd4+ 35. Be3 Rxe4 36. Bxd4 Rxd4 37. Ke3 Rd1 38. Rxd1
Bxd1 39. Kd4 Ba4 40. g3 Bc6 41. Ne3 Ke6 42. h4 Bf3 43. a3 h5 44. Nc2 Kf5
45. Ne3+ Ke6 46. Nc2 Kf5 47. Ne3+ Ke6 48. Nc2 1/2-1/2

[Event "7th CHN-RUS w"]
[Site "Ningbo CHN"]
[Date "2010.08.09"]
[Round "5"]
[White "Ding Yixin"]
[Black "Pogonina,N"]
[Result "1-0"]
[WhiteElo "2385"]
[BlackElo "2501"]
[EventDate "2010.08.05"]

1. e4 e5 2. Nf3 Nc6 3. Bb5 a6 4. Ba4 Nf6 5. O-O Be7 6. Bxc6 dxc6 7. d3 Nd7
8. Nbd2 O-O 9. Nc4 Bd6 10. b3 Re8 11. Bb2 c5 12. a4 b6 13. g3 Rb8 14. Nh4
Bf8 15. f4 exf4 16. Rxf4 b5 17. Qh5 Nf6 18. Bxf6 gxf6 19. Ne3 Qd4 20. Re1
Re5 21. Qe2 Bh6 22. Nf3 Qd6 23. Rh4 Bg5 24. Nxe5 Bxh4 25. Nxf7 Kxf7 26.
Qh5+ Kg7 27. Qxh4 c4 28. Rf1 Bd7 29. axb5 cxb3 30. cxb3 Qd4 31. Kg2 axb5
32. Nd5 Rf8 33. Nf4 f5 34. exf5 Qe5 35. Qg5+ Kh8 36. Qh6 Kg8 37. g4 Bc8 38.
Kg3 c5 39. Rf2 Qd4 40. Qg5+ Kh8 41. Qe7 Rg8 42. Qe4 Qd6 43. Qd5 Qf6 44. Nh5
Qa1 45. Kh3 Qc3 46. Rc2 Qa1 47. Qxc5 Qf1+ 48. Kh4 Qe1+ 49. Ng3 h5 50. Qd4+
1-0

[Event "7th CHN-RUS w"]
[Site "Ningbo CHN"]
[Date "2010.08.09"]
[Round "5"]
[White "Gunina,V"]
[Black "Tan Zhongyi"]
[Result "1-0"]
[WhiteElo "2462"]
[BlackElo "2461"]
[EventDate "2010.08.05"]

1. d4 Nf6 2. Nf3 g6 3. Bf4 Bg7 4. e3 O-O 5. Be2 c5 6. c3 d6 7. O-O b6 8. h3
Bb7 9. Nbd2 Nbd7 10. Bh2 Ne4 11. Nxe4 Bxe4 12. a4 a6 13. Qb3 Nf6 14. Rfd1
Qc7 15. Nd2 Bd5 16. c4 Be6 17. Qa3 a5 18. d5 Bf5 19. f3 Rad8 20. e4 Bd7 21.
f4 e5 22. Rf1 exf4 23. Bxf4 Ne8 24. Bg5 f6 25. Bh4 g5 26. Bg3 f5 27. exf5
Bxf5 28. Rae1 Qd7 29. Qb3 Bd4+ 30. Kh1 Ng7 31. Qxb6 Bxh3 32. Rxf8+ Rxf8 33.
Ne4 Nf5 34. Qb3 Ne3 35. Bf3 g4 36. Rxe3 Bxe3 37. Be2 Bf4 38. Bxf4 Rxf4 39.
Qe3 Qf5 40. Nxd6 Qf8 41. Qe6+ Kh8 42. Qe5+ Kg8 43. Ne4 g3 44. gxh3 Rf1+ 45.
Kg2 Rf2+ 46. Kxg3 Rxe2 47. Nf6+ Kh8 48. Qxe2 Qxf6 49. Qe8+ Kg7 50. Qd7+ Kh8
51. Qc8+ Kg7 52. Qc7+ Kh8 53. Qxc5 h5 54. Qc8+ Kg7 55. Qd7+ Kf8 56. d6 h4+
57. Kg4 Qd4+ 58. Kf5 Qd3+ 59. Ke5 Qe3+ 60. Kd5 Qd3+ 61. Kc5 Qe3+ 62. Kc6
Qe4+ 63. Kb5 Qe5+ 64. Ka6 Qc5 65. Qd8+ 1-0

[Event "7th CHN-RUS w"]
[Site "Ningbo CHN"]
[Date "2010.08.09"]
[Round "5"]
[White "Huang Qian"]
[Black "Bodnaruk,A"]
[Result "1-0"]
[WhiteElo "2447"]
[BlackElo "2397"]
[EventDate "2010.08.05"]

1. d4 Nf6 2. g3 g6 3. Bg2 Bg7 4. Nf3 O-O 5. O-O d6 6. c4 Nc6 7. Nc3 a6 8.
Qd3 Bd7 9. d5 Nb4 10. Qb1 a5 11. e4 Qc8 12. Be3 Ng4 13. Bd4 Bxd4 14. Nxd4
e5 15. dxe6 fxe6 16. Qd1 e5 17. Nde2 Rf7 18. h3 Nf6 19. Kh2 Qf8 20. Qd2 Na6
21. Qe3 c6 22. Na4 Be6 23. b3 Nc7 24. Rad1 Rd8 25. Qd2 d5 26. cxd5 cxd5 27.
Qxa5 b5 28. exd5 Nfxd5 29. Nb6 Rxf2 30. Nxd5 Bxd5 31. Rxd5 Rxd5 32. Qxc7
Rd2 33. Rxf2 Qxf2 34. Qb8+ Kf7 35. Qb7+ Kg8 36. Nc3 b4 37. Nb5 Re2 38. Qd5+
Kg7 39. Nc7 h5 40. Ne6+ Kf6 41. Nc5 Qf1 42. Ne4+ Kg7 43. Qxe5+ Kf8 44. Qd6+
Kg7 45. Qe5+ Kf8 46. Qc5+ Kg7 47. Qd4+ Kf7 48. Qd5+ Kg7 49. Ng5 h4 50. Qd4+
Kg8 51. Qd5+ Kg7 52. Ne6+ Kf6 53. Nf4 hxg3+ 54. Kxg3 Qe1+ 55. Kh2 Rd2 56.
Nd3 Qe2 57. Qc6+ Kg5 58. Qd5+ Kh6 59. Nf4 Rxd5 60. Nxe2 Rd2 61. Nf4 Rxa2
62. Kg3 Rd2 63. Be4 g5 64. Ne6 Rb2 65. Bd5 Kg6 66. Bc4 Rd2 67. Nc5 Rd4 68.
Nd3 Kf5 69. Nxb4 Rd1 70. Nd3 Rg1+ 71. Kf3 Rf1+ 72. Nf2 Rc1 73. Ne4 Rb1 74.
Nd2 Rb2 75. Nf1 Kf6 76. Ng3 Rh2 77. Kg4 Rg2 78. Kf3 Rh2 79. Ne4+ Kg6 80.
Nf2 g4+ 81. hxg4 Rh8 82. b4 Rc8 83. Bd3+ Kf6 84. Kf4 Rd8 85. b5 Rd4+ 86.
Ke3 Rb4 87. Ne4+ Ke5 88. g5 Kf5 89. Kd2 Rd4 90. Kc3 Rd8 91. Nc5+ Ke5 92. g6
Rc8 93. Kb4 Kd4 94. g7 1-0

[Event "7th CHN-RUS w"]
[Site "Ningbo CHN"]
[Date "2010.08.09"]
[Round "5"]
[White "Kashlinskaya,A"]
[Black "Ju Wenjun"]
[Result "1/2-1/2"]
[WhiteElo "2352"]
[BlackElo "2496"]
[EventDate "2010.08.05"]

1. d4 Nf6 2. c4 g6 3. Nf3 Bg7 4. g3 O-O 5. Bg2 d6 6. Nc3 c6 7. O-O Bf5 8.
Ne1 Qc8 9. e4 Bh3 10. f3 Bxg2 11. Kxg2 Nbd7 12. Be3 b5 13. cxb5 cxb5 14.
Nd3 Qb7 15. d5 a5 16. Rc1 Rfc8 17. Qd2 b4 18. Ne2 e6 19. dxe6 fxe6 20. Kg1
e5 21. Rxc8+ Rxc8 22. Rc1 Rxc1+ 23. Qxc1 d5 24. Nc5 Nxc5 25. Qxc5 dxe4 26.
Qxe5 exf3 27. Nd4 Qe4 28. Qxe4 Nxe4 29. b3 Bxd4 30. Bxd4 Nc3 31. Bb6 Nxa2
32. Bxa5 Nc1 33. Bxb4 Nxb3 34. Kf2 Nd4 35. Bc5 Ne6 1/2-1/2